书目信息 |
| 题名: |
学洋相,不出洋相
|
|
| 作者: | 刘渝清 主编 ;暨南大学 编 | |
| 分册: | ||
| 出版信息: | 广州 暨南大学出版社 2006 |
|
| 页数: | 179页 | |
| 开本: | 19cm | |
| 丛书名: | ||
| 单 册: | ||
| 中图分类: | D802.2 | |
| 科图分类: | ||
| 主题词: | 外交礼节--基本知识 , 外交礼节 | |
| 电子资源: | ||
| ISBN: | 7-81079-692-5 | |
| 000 | 00998nam0 2200253 450 | |
| 001 | 1239173610 | |
| 005 | 20121005105328.95 | |
| 010 | @a7-81079-692-5@dCNY12.00 | |
| 100 | @a20060104d2006 em y0chiy50 ea | |
| 101 | 0 | @achi |
| 102 | @aCN@b440000 | |
| 105 | @aa z 000yy | |
| 200 | 1 | @a学洋相,不出洋相@Axue yang xiang , bu chu yang xiang@e常用外事礼仪手册@f刘渝清主编@g暨南大学国际交流合作处编 |
| 210 | @a广州@c暨南大学出版社@d2006 | |
| 215 | @a179页@c图@d19cm | |
| 330 | @a本书针对我们最常见的国际交流活动,介绍了最基本的外交礼仪。如“见面礼仪”、“举止文明”、“会见、会谈的礼仪”、“到外国人住处或办公室访问的礼节”、“宴会礼仪”、“西餐礼仪”、“服饰”、“公共场所礼仪”等。 | |
| 517 | 1 | @a常用外事礼仪手册@Achang yong wai shi li yi shou ce |
| 606 | 0 | @a外交礼节@x基本知识 |
| 606 | 0 | @a外交礼节 |
| 690 | @aD802.2@v4 | |
| 701 | 0 | @a刘渝清@Aliu yu qing@c(女)@4主编 |
| 712 | 02 | @a暨南大学@Aji nan da xue@b国际交流处@4编 |
| 801 | 0 | @aCN@bNLC@c20101222 |
| 905 | @a10447@dD802.2@eJY25 | |
| 学洋相,不出洋相:常用外事礼仪手册/刘渝清主编/暨南大学国际交流合作处编.-广州:暨南大学出版社,2006 |
| 179页:图;19cm |
| ISBN 7-81079-692-5:CNY12.00 |
| 本书针对我们最常见的国际交流活动,介绍了最基本的外交礼仪。如“见面礼仪”、“举止文明”、“会见、会谈的礼仪”、“到外国人住处或办公室访问的礼节”、“宴会礼仪”、“西餐礼仪”、“服饰”、“公共场所礼仪”等。 |
| ● |
| 相关链接 |
|
|
|
|
正题名:学洋相,不出洋相
索取号:D802.2/JY25
 
预约/预借
| 序号 | 登录号 | 条形码 | 馆藏地/架位号 | 状态 | 备注 |